000 00528nam a2200193Ia 4500
003 OSt
005 20260223151416.0
008 250729s2005 xx 000 0 und d
040 _cAL
041 _akan
082 _a930.7 REDE
100 _aರೆಡ್ಡಿ ಕೆ ತಿಮ್ಮಾ
_9229544
245 _aಇತಿಹಾಸ ಮತ್ತು ಪೌರನೀತಿ ಬೋಧನೆ
260 _aಗದಗ
_c2005
300 _a535p
650 _aHistory
_9229545
700 _aRao Digumurthi
_9229546
942 _2ddc
_cBED
999 _c238367
_d238367